00638nam a2200217 a 4500001001300000003000900013005001700022008004100039020000900080082001800089100002200107245004800129260003200177300000900209500003500218650001800253902000800271942000700279952011700286999001700403nice12345678IN_TiNIC20260116014813.0130108s2009 newa grp 000 0 eng  ac3500a341.7588bSOV aSovereignty, Seed aPatents on Seedsb A Handbook for Activists aNew Delhi bNavdanya c2009 a14p  aincludes index and biblioraphy aGlobalization bSRS cBK 001040708StackRoom-aHMIbHMId2013-01-08g35.00l0o341.7588 SOVp023970r2013-01-08v35.00w2013-01-08yBK c17040d17040